ბათუმის შოთა რუსთაველის სახელმწიფო უნივერსიტეტის ბიბლიოთეკა

მე წითელი მქვია : (ბიბ.ჩანაწერი № 55067)

000 -ლიდერი
ფიქსირებული სიგრძის საკონტროლო ველი 01330nam a2200277Ia 4500
001 - საკონტროლო ნომერი
საკონტროლო ველი 22142
003 - საკონტროლო ნომრის იდენტიფიკატორი
საკონტროლო ველი GE_BSU
005 - ბოლო ოპერაციის თარიღი და დრო
საკონტროლო ველი 20221201122652.0
008 - ფიქსირებული სიგრძის მონაცემთა ელემენტები - ზოგადი ინფორმაცია
ფიქსირებული სიგრძის საკონტროლო ველი 181216s ||||ge |||||||||||||| ||geo||
020 ## - წიგნის საერთაშორისო სტანდარტული ნომერი
International Standard Book Number 9789941238703
040 ## - კატალოგიზაციის წყარო
Transcribing agency GE_BSU
080 ## - უნივერსალური ათობითი კლასიფიკაციის ინდექსი
Universal Decimal Classification number 821.512.161-31 ფ-22
100 ## - მთავარი ჩანაწერი - პიროვნების სახელი
Personal name ფამუქი, ორჰან
9 (RLIN) 11764
245 ## - ცნობა სათაურის შესახებ
Title მე წითელი მქვია :
Remainder of title რომანი /
Statement of responsibility, etc ორჰან ფამუქი ; თურქულიდან თარგმნა ლია ჩლაიძემ ; რედ. თეა ქიტოშვილი ; დიზაინერი ია მახათაძე.
250 ## - გამოცემის ცნობა
Edition statement მე-3 გამოცემა
264 ## - წარმოების, გამოცემის, დისტრიბუციის და სხვა ცნობები
გამოცემის, წარმოების, დისტრიბუციის... ადგილი თბილისი :
გამოცემის, წარმოების, დისტრიბუციის... სახელწოდება ბაკურ სულაკაურის გამ-ბა,
გამოცემის, წარმოების, დისტრიბუციის... თარიღი 2017.
300 ## - ფიზიკური აღწერა
Extent 517გვ. ;
Dimensions 21 სმ.
653 ## - INDEX TERM--UNCONTROLLED
Uncontrolled term მე წითელი მქვია
653 ## - INDEX TERM--UNCONTROLLED
Uncontrolled term რომანი
653 ## - INDEX TERM--UNCONTROLLED
Uncontrolled term მხატვრული ლიტერატურა
700 ## - ADDED ENTRY--PERSONAL NAME
Personal name ჩლაიძე, ლია
Relator term მთარგმნელი
9 (RLIN) 3289
700 ## - ADDED ENTRY--PERSONAL NAME
Personal name ქიტოშვილი, თეა
Relator term რედაქტორი
9 (RLIN) 16276
700 ## - ADDED ENTRY--PERSONAL NAME
Personal name მახათაძე, ია
Relator term დიზაინერი
9 (RLIN) 5299
942 ## - ADDED ENTRY ELEMENTS (KOHA)
Koha item type წიგნი
Source of classification or shelving scheme
ეგზემპლარები
ჩამოწერის სტატუსი დაკარგული ეგზემპლარის სტატუსი კლასიფიკაციის წყარო ან თაროზე გაწყობის სქემა დაზიანების სტატუსი არ გაიცემა მუდმივი მდებარეობა (დაცვის ადგილი) ამჟამინდელი ადგილსამყოფელი თაროზე განთავსების ადგილი შეძენის თარიღი ღირებულება, შესყიდვის ნორმალური ფასი სრული შენახვის შიფრი შტრიხკოდი ბოლო ოპერაციის თარიღი ეგზემპლარის მიმდევრობითი ნომერი (კეტერი?) ფასის ძალაში შესვლის თარიღი ეგზემპლარის სახეობა საჯარო შენიშვნა
          ბათუმის შოთა რუსთაველის სახელმწიფო უნივერსიტეტის მთავარი ბიბლიოთეკა ბათუმის შოთა რუსთაველის სახელმწიფო უნივერსიტეტის მთავარი ბიბლიოთეკა წიგნსაცავი 2018-12-17 11.90 821.512.161-31 ფ-22 57102 2018-12-17 57102 2018-12-17 წიგნი 11.90 ₾.